Το άλλο μισό : δεκαέξι ιστορίες ελεγχόμενου πάθους σαν παραμύθια

Αποθηκεύτηκε σε:
Λεπτομέρειες βιβλιογραφικής εγγραφής
Κύριος συγγραφέας: Χουλιαράς, Νίκος
Μορφή: Βιβλίο
Γλώσσα:Greek
Δημοσίευση: Αθήνα : Νεφέλη, 1987
Έκδοση:2η έκδ.
Θέματα:
Ετικέτες: Προσθήκη ετικέτας
Δεν υπάρχουν, Καταχωρήστε ετικέτα πρώτοι!

MARC

LEADER 00000nam a2200000 i 4500
001 1/46532
008 941103s1987 gre d
035 |a 1991  |c ΔΩΡΕΑ  |l 10042821 
040 |a GR-MY-UA  |b gre  |e aacr 
041 0 |a gre 
082 0 |a 889.3  |2 (21) 
100 1 |a Χουλιαράς, Νίκος. 
245 1 3 |a Το άλλο μισό :  |b δεκαέξι ιστορίες ελεγχόμενου πάθους σαν παραμύθια /  |c Νίκος Χουλιάρας 
250 |a 2η έκδ. 
260 |a Αθήνα :   |b Νεφέλη,   |c 1987 
300 |a 138 σ.;  |c 17 cm. 
650 0 0 |a Greek fiction. 
650 0 0 |a Greek literature. 
852 |a INST  |b CHIOS  |e 19960729  |h 889.3 ΧΟΥ  |p 005200008580  |q 005200008580  |t BK  |y 0 
852 |a INST  |b SAMOS  |e 19941103  |h 889.3 ΧΟΥ  |p 005300000154  |q 005300000154  |t BK  |y 0 
909 |a Σ  |b 019229 
909 |a Χ  |b 019423